Statistics for Countries ocupation by rome empire

Click here to take the quiz!

General Stats

  • This quiz has been taken 34 times
    (32 since last reset)
  • The average score is 43 of 48

Answer Stats

can you guess %Answer% Correct
75%algeria
96%
81%croatia
96%
97%france
96%
89%greece
96%
98%italy
96%
74%morocco
96%
92%portugal
96%
83%russia
96%
96%spain
96%
93%turkey
96%
94%united kingdom
96%
87%austria
93%
90%belgium
93%
82%bulgaria
93%
68%cyprus
93%
76%egypt
93%
95%germany
93%
63%iran
93%
66%iraq
93%
62%israel
93%
72%libya
93%
91%netherlands
93%
84%romania
93%
67%saudi arabia
93%
85%serbia
93%
78%slovenia
93%
73%tunisia
93%
58%andorra
89%
77%kosovo
89%
61%lebanon
89%
59%malta
89%
65%syria
89%
56%vatican
89%
79%albania
86%
69%armenia
86%
64%jordan
86%
57%monaco
86%
76%montenegro
86%
55%san marino
86%
88%switzerland
86%
70%azerbaijan
82%
80%bosnia and herzegovina
82%
71%georgia
82%
87%hungary
82%
54%liechtenstein
82%
86%luxembourg
82%
60%kuwait
79%
77%north macedonia
79%

Score Distribution

Percentile by Number Answered

Percent of People with Each Score

Your Score History

You have not taken this quiz since the last reset